Pedang kilat dari gunung Thian San ; (Record no. 58130)

MARC details
000 -LEADER
fixed length control field 00528cam a22001931i 4500
001 - CONTROL NUMBER
control field sa 64003798
003 - CONTROL NUMBER IDENTIFIER
control field DLC
005 - DATE AND TIME OF LATEST TRANSACTION
control field 20260227112020.0
008 - FIXED-LENGTH DATA ELEMENTS--GENERAL INFORMATION
fixed length control field 830411s1963 io 000 1 ind
010 ## - LIBRARY OF CONGRESS CONTROL NUMBER
LC control number sa 64003798
035 ## - SYSTEM CONTROL NUMBER
System control number (OCoLC)9397179
040 ## - CATALOGING SOURCE
Original cataloging agency DLC
Transcribing agency OAU
Modifying agency DLC
042 ## - AUTHENTICATION CODE
Authentication code premarc
050 00 - LIBRARY OF CONGRESS CALL NUMBER
Classification number PL5089.A53
Item number P4
100 1# - MAIN ENTRY--PERSONAL NAME
Personal name An, Todjin.
245 10 - TITLE STATEMENT
Title Pedang kilat dari gunung Thian San ;
Remainder of title (Thian San lui tian kiam)
260 ## - PUBLICATION, DISTRIBUTION, ETC.
Place of publication, distribution, etc. Djakarta :
Name of publisher, distributor, etc. Marga Raya,
Date of publication, distribution, etc. 1963.
300 ## - PHYSICAL DESCRIPTION
Extent 6 pts. in 1 v. (384 p.) ;
Dimensions 16 cm.

No items available.

Powered by Koha